Biggest French speaking cities in Europe - Statistics

General Stats
  • This quiz has been taken 85 times
  • The average score is 36 of 75
Answer Stats
# Country Population Agglomeration % Correct
1 FR 10.859.000 Paris
100%
2 BE 1.931.000 Brussels
99%
4 FR 1.615.000 Marseille - Aix-en-Provence
99%
3 FR 1.685.000 Lyon
97%
7 FR 987.000 Bordeaux
96%
10 CH 611.000 Geneva
95%
5 FR 1.052.000 Lille
93%
8 FR 952.000 Nice
93%
6 FR 1.035.000 Toulouse
92%
14 FR 478.000 Strasbourg
89%
47 LU 182.000 Luxembourg
84%
9 FR 664.000 Nantes
84%
19 CH 438.000 Lausanne
78%
12 BE 544.000 Liège
75%
21 FR 364.000 Rennes
75%
39 FR 203.000 Brest
73%
17 FR 458.000 Montpellier
71%
34 FR 233.000 Le Havre
70%
32 FR 247.000 Dijon
63%
18 FR 453.000 Grenoble
63%
28 FR 284.000 Orléans
63%
68 FR 97.000 Calais
62%
27 FR 287.000 Nancy
62%
26 FR 288.000 Metz
60%
36 FR 215.000 Reims
60%
23 BE 357.000 Charleroi
59%
15 FR 472.000 Rouen
59%
11 FR 586.000 Toulon
59%
37 FR 207.000 Caen
56%
22 FR 362.000 Tours
56%
20 FR 374.000 Saint-Étienne
55%
29 FR 274.000 Clermont-Ferrand
51%
49 FR 165.000 Amiens
49%
31 FR 247.000 Mulhouse
49%
33 FR 245.000 Angers
48%
50 FR 164.000 Dunkerque
48%
35 FR 221.000 Le Mans
48%
46 FR 183.000 Nîmes
45%
16 FR 459.000 Avignon
44%
70 FR 95.000 Colmar
44%
65 BE 103.000 Namur
44%
40 FR 203.000 Perpignan
42%
45 FR 186.000 Limoges
41%
54 FR 135.000 La Rochelle
40%
48 FR 181.000 Annecy
38%
52 FR 140.000 Besançon
38%
53 FR 138.000 Troyes
36%
56 FR 133.000 Poitiers
34%
13 FR 504.000 Douai - Lens
33%
62 CH 111.000 Fribourg
32%
41 FR 201.000 Pau
32%
72 LU 94.000 Esch-sur-Alzette
30%
38 BE 207.000 Mons
30%
73 FR 94.000 Béziers
27%
57 FR 132.000 Valence
27%
64 CH 109.000 Bienne
26%
42 FR 194.000 Chambéry
25%
59 FR 122.000 Lorient
25%
30 FR 257.000 Bayonne
23%
44 FR 188.000 Saint-Nazaire
21%
25 FR 335.000 Valenciennes
19%
55 FR 135.000 Thionville
18%
51 BE 142.000 La Louvière
14%
71 FR 95.000 Saint-Brieuc
14%
63 FR 110.000 Angoulême
12%
66 FR 99.000 Fréjus
12%
74 FR 92.000 Sète
12%
69 FR 97.000 Vienne
12%
61 FR 111.000 Maubeuge
11%
67 FR 98.000 Alès
10%
24 FR 356.000 Béthune
10%
60 FR 113.000 Montbéliard
10%
43 FR 190.000 Annemasse
8%
75 FR 91.000 Cluses
7%
58 FR 126.000 Creil
7%
No matching quizzes found
Score Distribution
Percent of People with Each Score
Percentile by Number Answered
Your Score History
You have not taken this quiz